Análisis financiero de proyectos de riego utilizando aguas subterráneas: estudio preliminar

সংরক্ষণ করুন:
গ্রন্থ-পঞ্জীর বিবরন
প্রধান লেখক: Cordero Calderón, Mario Humberto
বিন্যাস: গ্রন্থ
প্রকাশিত: [San José , Costa Rica] 1983
বিষয়গুলি:
ট্যাগগুলো: ট্যাগ যুক্ত করুন
কোনো ট্যাগ নেই, প্রথমজন হিসাবে ট্যাগ করুন!

MARC

LEADER 00000nam a2200000Ia 4500
003 002480
005 20221231144409.0
008 140114s1983 c a m 000 ||s d
040 |c cru CEDI 
090 |a TFG 1537 
100 |a Cordero Calderón, Mario Humberto  |9 14865 
245 |a Análisis financiero de proyectos de riego utilizando aguas subterráneas: estudio preliminar 
260 |c 1983  |a [San José , Costa Rica] 
300 |a 2 volúmenes  
500 |a  Práctica dirigida (bachiller en ingeniería agrícola)--Universidad de Costa Rica.Carrera de Ingeniería Agrícola 
650 |x RIEGO - ASPECTOS ECONOMICOS - GUANACASTE (COSTA RICA)  |9 14866 
942 |c TFG 
999 |c 21285  |d 21285